Instructor's Manual with Test Questions Strategic Management <An> Integrated Approach

Salvato in:
Dettagli Bibliografici
Autore principale: Hill, Charles W.L
Altri autori: Jones, Gareth R.
Natura: Libro
Lingua:inglese
Pubblicazione: Boston Houghton Mifflin Co. 1989
Edizione:1. ed.
Soggetti:
Tags: Aggiungi Tag
Nessun Tag, puoi essere il primo ad aggiungerne!!

MARC

LEADER 00000nam a2200000 4500
001 c010158
005 20221206131348.9
020 |a 0-395-44318-0 
041 0 |a eng 
044 |a US 
245 1 0 |a Instructor's Manual with Test Questions Strategic Management  |b <An> Integrated Approach  |c Charles W.L. Hill, Gareth R. Jones 
250 |a 1. ed. 
264 1 |a Boston  |b Houghton Mifflin Co.  |c 1989 
300 |a 495 s. 
610 2 0 |a manažment strategický 
610 2 0 |a stratégia podniková 
610 2 0 |a stratégia marketingová 
610 2 0 |a portfólio 
610 2 0 |a štruktúra podniku organizačná 
610 2 0 |a kontrola 
610 2 0 |a testy 
100 1 |a Hill, Charles W.L. 
700 1 |a Jones, Gareth R.